Phenomenology and existentialism / (Record no. 41292)

MARC details
000 -LEADER
fixed length control field 01145nam a22002417a 4500
005 - DATE AND TIME OF LATEST TRANSACTION
control field 20100812122137.0
010 ## - LCCN (DPL NO)
LC control number ENG-99952-100854
020 ## - INTERNATIONAL STANDARD BOOK NUMBER
International Standard Book Number 9788184351262 (set)
Terms of availability 3500.00 (set of 2 vols.)
037 ## - SOURCE OF ACQUISITION
Source of stock number/acquisition DBAD/PUB
082 ## - DEWEY DECIMAL CLASSIFICATION NUMBER
Classification number 142.7
100 ## - MAIN ENTRY--PERSONAL NAME
Personal name Singh, Mahendra
245 ## - TITLE STATEMENT
Title Phenomenology and existentialism /
Statement of responsibility, etc by Mahendra Singh
260 ## - PUBLICATION, DISTRIBUTION, ETC. (IMPRINT)
Place of publication, distribution, etc New Delhi
Name of publisher, distributor, etc Adhyayan Publishers & Distributors
Date of publication, distribution, etc 2009
270 ## - ADDRESS
Address 4378/4B, 105, J.M.D House , Murari Lal Street, Ansari Road, Daryaganj
City New Delhi
Postal code 110002
300 ## - PHYSICAL DESCRIPTION
Extent v.2 (xxi,332p, xvi,268p)
Dimensions 24cm (Hb)
500 ## - GENERAL NOTE
General note Includes index
505 ## - FORMATTED CONTENTS NOTE
Formatted contents note v.2- Naked seashore : existential criticism
650 ## - SUBJECT ADDED ENTRY--TOPICAL TERM
Topical term or geographic name as entry element Existentialism
650 ## - SUBJECT ADDED ENTRY--TOPICAL TERM
Topical term or geographic name as entry element Phenomenology
942 ## - ADDED ENTRY ELEMENTS (KOHA)
Source of classification or shelving scheme Dewey Decimal Classification
Item type English Books
Classification part 142.7
Call number suffix SIN
Holdings
Withdrawn status Lost status Not for loan Collection code Home library Current library Date acquired Source of acquisition Cost, normal purchase price Full call number Barcode Copy number Cost, replacement price Koha item type Materials specified (bound volume or other part) Public note
    Not For Loan Non-fiction D.B.Act.Division D.B.Act.Division 12/08/2010 DBAD/PUB 3500.00 142.7 SIN EN-83484 1 3500.00 English Books    
    Not For Loan Non-fiction D.B.Act.Division D.B.Act.Division 18/08/2010 DBAD/PUB 3500.00 142.7 SIN EN-84387 1 3500.00 English Books v.1 v.1

© Delhi Public Library
Hit Counter
free hit counter